| 000 | 00695nam a2200229Ia 4500 | ||
|---|---|---|---|
| 003 | OSt | ||
| 005 | 20220923220637.0 | ||
| 006 | a|||||r|||| 00| 0 | ||
| 007 | ta | ||
| 008 | 220922b |||||||| |||| 00| 0 hin d | ||
| 024 | _a188,296 | ||
| 037 | _cTextual | ||
| 040 |
_aARTS _cARTS _bhin |
||
| 041 |
_2hin _ahin |
||
| 082 | _aV56:2.N0, 152J8 (TW) | ||
| 100 |
_aशर्मा, महादेव प्रसाद _9157686 |
||
| 245 | 0 | _aब्रिटिश संविधान | |
| 246 | _aBriṭish sanvidhāna | ||
| 260 | _c1958 | ||
| 942 |
_hV56:2.N0, 152J8 (TW) _cTEXL _2CC |
||
| 999 |
_c341372 _d341372 |
||